Cartoon Character by Letter - S - Statistics

General Stats
  • This quiz has been taken 123 times
    119 since last reset
  • The average score is 12 of 22
Answer Stats
Hint Character % Correct
Rectangular kitchen sponge who lives in a submerged pineapple Spongebob Squarepants
93%
Blue super-fast hedgehog Sonic the Hedgehog
81%
Talking dog and mystery solver Scooby-Doo
80%
Young lion king of the Pride Lands Simba
79%
"It's a Bird...It's a Plane...It's..." Superman
76%
Donald Duck's incredibly wealthy "adventure-capitalist" uncle Scrooge McDuck
70%
Above's usually grouchy octopus neighbor Squidward Tentacles
69%
She is the love interest of almost every Smurf Smurfette
65%
Texan, sea-dwelling squirrel skilled in karate Sandy Cheeks
63%
Above's longtime partner Shaggy Rogers
63%
"What are you doing in my swamp?" Shrek
63%
The fairest of them all Snow White
63%
Beagle prone to imagining he is a pilot in the Royal Flying Corps Snoopy
62%
Looney Tunes bird-chasing Tuxedo cat Sylvester
59%
The fastest mouse in all of Mexico Speedy Gonzales
55%
Princess of Power and He-Man's twin sister She-Ra
44%
One-year-old prodigy who speaks in an upper-class English accent Stewie Griffin
33%
Bengal tiger who only fears man's gun and man's fire Shere Khan
28%
Illegally-made, genetically-engineered, extraterrestrial resembling a koala Stitch
21%
Plays Beethoven on his little red toy piano Schroeder
19%
Pink mountain lion with a great desire to be a stage actor Snagglepuss
16%
Above's brother who lives in the desert and is accompanied by a cactus Spike
12%
No matching quizzes found
Score Distribution
Percent of People with Each Score
Percentile by Number Answered
Your Score History
You have not taken this quiz since the last reset